000 00194 a2200097 4500
001 2655
100 _aMomvell, R
245 _aDoctor Goebbels
260 _a
_bHeinemann
_c
090 _c1951
_d1951
942 _aNUST-CAE
_cM
_c10569
999 _c237728
_d237728